000 00911cam a22002775a 4500
001 12729309
005 20180404105914.0
008 020403t2004 inua frd 001 0 eng d
020 _a1587051052
020 _a9781587051050
040 _aStDuBDS
_cStDuBDS
_dUk
_dCStRLIN
_dDLC
_dEG-ScBUE
_beng
082 0 4 _222
_a621.3827
_bALW
100 1 _aAlwayn, Vivek.
245 1 0 _aOptical network design and implementation /
_cVivek Alwayn.
260 _aIndianapolis :
_bCisco Press,
_cc.2004.
300 _axxxi, 809 p. :
_bill. ;
_c24 cm.
500 _aIndex : p. 783-809.
500 _aGlossary : p. 763-781.
541 _aDonation from Mohanad Hszem Shalah.
650 7 _aOptical communications.
_2BUEsh
_926097
650 7 _aOptoelectronics.
_2BUEsh
_910806
651 _2BUEsh
653 _bGGEN
_cApril2018
856 4 1 _3Table of contents
_uhttp://www.loc.gov/catdir/toc/fy046/2002104849.html
942 _2ddc
999 _c26462
_d26434